[Event "Reykjavik op"]
[Site "Reykjavik"]
[Date "1990.??.??"]
[Round "10"]
[White "Dolmatov, Sergey"]
[Black "Olafsson, Helgi"]
[Result "1/2-1/2"]
[WhiteElo "2620"]
[BlackElo "2575"]

1.e4 e5 2.Nf3 Nc6 3.Bb5 a6 4.Ba4 Nf6 5.O-O Be7 6.Re1 b5 7.Bb3 d6 8.c3 O-O
9.h3 Bb7 10.d4 Re8 11.Nbd2 Bf8 12.Bc2 Nb8 13.a4 Nbd7 14.Bd3 exd4 15.cxd4 c5
16.axb5 axb5 17.Rxa8 Bxa8 18.dxc5 Nxc5 19.Bxb5 Re7 20.Nd4 Ncxe4 21.Nxe4 Nxe4
22.Be3 Qc8 23.Qa4 Rc7 24.Bf1 h6 25.b4 Bb7 26.b5 d5 27.Nb3 Nd6 28.Na5 Ba8
29.b6 Rc2 30.Rb1 Rc3 31.Bd4 Rc1 32.Rxc1 Qxc1 33.Qd7 Qd2 34.Nb3 Qc2 35.Qd8 Bc6
36.Na5 Nb7 37.Nxb7 Bxb7 38.Qb8 Qc8 39.Qg3 Qc6 40.Bd3 Qd6 41.Qg4 g6 42.Qe2 Bg7
43.Qe8+ Qf8 44.Qe3 Bxd4 45.Qxd4 Qd6 46.f4 Kf8 47.f5 gxf5 48.Bxf5 Ke7 49.Kh1 Kf8
50.Bd3 Ke7 51.Bb5 Qf6 52.Qe3+ Qe6 53.Qa3+ Kf6 54.Qc3+ Qe5 55.Qc1 Kg7 56.Qc7 Qxc7
57.bxc7 Bc8 58.Kh2 Kf6 59.Kg3 Kg5 60.Bd3 d4 61.Bc2 Kf6 62.Kh4 Ke5 63.Kh5 Kd6
64.Kxh6 Kxc7 65.h4 Bg4 66.h5 Be2 67.Kg5 d3 68.Bb3 d2 69.h6 Bd3 70.Kf6 Bg6
71.g4 Kd6 72.g5 Kc5 73.Kg7 Kd4 74.h7 Bxh7 75.Kxh7 Ke5 76.Kh6 Kf4 77.Bc2 Kg4
78.Bd1+ Kf4 79.Kh5 Kg3 80.Bg4 Kf2 81.Kh6 Kg3  1/2-1/2

[Event "Hungaroil"]
[Site "Siofok"]
[Date "1990.??.??"]
[Round "4"]
[White "Frolov, Artur"]
[Black "Petran, Pal"]
[Result "1-0"]
[WhiteElo "2485"]
[BlackElo "2410"]

1.e4 e5 2.Nf3 Nc6 3.Bb5 a6 4.Ba4 Nf6 5.O-O Be7 6.Re1 b5 7.Bb3 d6 8.c3 O-O
9.h3 Bb7 10.d4 Re8 11.Nbd2 Bf8 12.a4 h6 13.Bc2 exd4 14.cxd4 Nb4 15.Bb1 c5
16.Ra3 cxd4 17.Nxd4 bxa4 18.Rg3 g6 19.Qxa4 Qb6 20.Nc2 d5 21.e5 Ne4 22.Nxe4 dxe4
23.Ne3 Rxe5 24.Ng4 Re6 25.Nxh6+ Bxh6 26.Bxh6 Nd3 27.Bxd3 exd3 28.Rxe6 Qxe6
29.Qd4  1-0

[Event "Sochi"]
[Site "Sochi"]
[Date "1990.??.??"]
[Round "?"]
[White "Tseshkovsky, Vitaly"]
[Black "Shabanov, Yuri"]
[Result "1/2-1/2"]
[WhiteElo "2490"]
[BlackElo "2375"]

1.e4 e5 2.Nf3 Nc6 3.Bb5 a6 4.Ba4 Nf6 5.O-O Be7 6.Re1 b5 7.Bb3 O-O 8.c3 d6
9.h3 Bb7 10.d4 Re8 11.Ng5 Rf8 12.Nf3 Re8 13.Nbd2 Bf8 14.a3 h6 15.Bc2 Nb8
16.b4 Nbd7 17.Bb2 g6 18.Rb1 Rb8 19.Rc1 Ba8 20.c4 exd4 21.cxb5 axb5 22.Nxd4 c6
23.Nf1 Qb6 24.Ng3 c5  1/2-1/2

[Event "Stockholm"]
[Site "Stockholm"]
[Date "1990.??.??"]
[Round "?"]
[White "Fedorowicz, John P"]
[Black "Benjamin, Joel"]
[Result "1/2-1/2"]
[WhiteElo "2565"]
[BlackElo "2560"]

1.e4 e5 2.Nf3 Nc6 3.Bb5 a6 4.Ba4 Nf6 5.O-O Be7 6.Re1 b5 7.Bb3 O-O 8.c3 d6
9.h3 Bb7 10.d4 Re8 11.Ng5 Rf8 12.Nf3 Re8 13.Ng5 Rf8 14.Nf3 Re8 15.Nbd2 Bf8
16.a4 h6 17.Bc2 exd4 18.cxd4 Nb4 19.Bb1 c5 20.d5 Nd7 21.Ra3 f5 22.exf5 Nf6
23.Ne4  1/2-1/2

[Event "Toulouse op"]
[Site "Toulouse"]
[Date "1990.??.??"]
[Round "8"]
[White "Palac, Mladen"]
[Black "Sonntag, Hans Hubert"]
[Result "1-0"]
[WhiteElo "2505"]
[BlackElo "2370"]

1.e4 e5 2.Nf3 Nc6 3.Bb5 a6 4.Ba4 Nf6 5.O-O Be7 6.Re1 b5 7.Bb3 d6 8.c3 O-O
9.h3 Bb7 10.d4 Re8 11.a4 h6 12.Nbd2 Bf8 13.d5 Nb8 14.c4 bxc4 15.Bxc4 c6 16.dxc6 Bxc6
17.b3 Nbd7 18.Ba3 Qb8 19.Nh4 d5 20.exd5 Bxd5 21.Bxd5 Nxd5 22.Nc4 Bxa3 23.Qxd5 Nf6
24.Qf3 e4 25.Qe3 Bb4 26.Red1 Qc7 27.Nf5 Bc5 28.Qc3 Qf4 29.Nfe3 Qg5 30.b4 Bxe3
31.Qxe3 Qh5 32.Rd4 Re6 33.Rad1 Rb8 34.Rd8+ Rxd8 35.Rxd8+ Kh7 36.Qd2 Rc6 37.Rd4 Qf5
38.Ne3 Qc8 39.Qe2 Qb7 40.b5 Rc1+ 41.Rd1 Rxd1+ 42.Nxd1 axb5 43.axb5 Nd7 44.Nc3 f5
45.Qc4 Qa7 46.Qe6 Qa1+ 47.Kh2 Qxc3 48.Qxf5+ Kg8 49.Qxd7 Qe5+ 50.g3 e3 51.Qc8+ Kh7
52.Qc2+ Kh8 53.Qc8+ Kh7 54.Qc2+ Kh8 55.Qe2 exf2 56.Qxe5 f1=Q 57.Qb2 Qf3 58.b6 Qb7
59.Qb3 Qe4 60.Qb2 Qb7 61.h4 h5 62.Qb5 Qf3 63.b7 Qf2+ 64.Kh3  1-0

[Event "USA op"]
[Site "USA"]
[Date "1990.??.??"]
[Round "?"]
[White "Rachels, Stuart"]
[Black "Shapiro, Daniel E"]
[Result "1-0"]
[WhiteElo "2380"]
[BlackElo "2315"]

1.e4 e5 2.Nf3 Nc6 3.Bb5 a6 4.Ba4 Nf6 5.O-O Be7 6.Re1 b5 7.Bb3 d6 8.c3 O-O
9.h3 Bb7 10.d4 Re8 11.Nbd2 Bf8 12.a3 g6 13.Ba2 Bg7 14.d5 Ne7 15.b4 c6 16.dxc6 Bxc6
17.Bb2 Qc7 18.c4 Rad8 19.Qb3 Rf8 20.c5 Nh5 21.cxd6 Qxd6 22.Nf1 Nf4 23.Rad1 Ne2+
24.Kh1 Nd4 25.Nxd4 exd4 26.Nh2 Bb7 27.Nf3 Qb6 28.Ng5 Qf6 29.Nxf7 Qxf7 30.Qxf7+ Rxf7
31.Rc1 Nc6 32.Rc5 Kf8 33.Bxf7 Kxf7 34.Rec1 Rd6 35.f4 d3 36.Bxg7 Kxg7 37.Rd5 Rxd5
38.exd5 Nd8 39.Rd1 Kf6 40.Rxd3 Ke7 41.g4 Ne6 42.Re3 Bxd5+ 43.Kh2 Kf6 44.Kg3 Bc4
45.Re5 Nd4 46.Rc5 Ke6 47.Rc7 h5 48.Ra7 hxg4 49.Rxa6+ Kf7 50.hxg4 Bd5 51.Rb6 Bc6
52.Kf2 Ke6 53.a4 Kd7 54.axb5 Nxb5 55.Ra6 Nd4 56.Ra2 Ne6 57.Rd2+ Ke7 58.Ke3 Nc7
59.Kd4 Bf3 60.g5 Ke6 61.Rf2 Bh1 62.Rh2 Bf3 63.Rh7 Ne8 64.b5 Nd6 65.b6 Kf5
66.Rd7 Ke6 67.Rd8 Ke7 68.Rh8 Kd7 69.Rh6 Bh5 70.Rh7+ Kc6 71.Ke5 Nc4+ 72.Kf6 Nxb6
73.f5 Kd6 74.fxg6 Nd5+ 75.Kf7 Bg4 76.g7 Be6+ 77.Kf8 Ne7 78.Rh6 Kd7 79.Rf6 Kd6
80.g6 Kd7 81.Rxe6 Kxe6 82.g8=Q+  1-0

[Event "USA op"]
[Site "USA"]
[Date "1990.??.??"]
[Round "?"]
[White "Timoshenko, Georgy"]
[Black "Shapiro, Daniel E"]
[Result "1-0"]
[WhiteElo "2540"]
[BlackElo "2315"]

1.e4 e5 2.Nf3 Nc6 3.Bb5 a6 4.Ba4 Nf6 5.O-O Be7 6.Re1 b5 7.Bb3 d6 8.c3 O-O
9.h3 Bb7 10.d4 Re8 11.Nbd2 Bf8 12.a4 h6 13.Bc2 exd4 14.cxd4 Nb4 15.Bb1 c5
16.d5 Nd7 17.Ra3 f5 18.Rae3 f4 19.Ra3 Ne5 20.Nf1 c4 21.Bxf4 Ned3 22.Bxd3 Nxd3
23.Rxd3 cxd3 24.Qxd3 bxa4 25.Ra1 Qd7 26.Nd4 a5 27.Nd2 Ba6 28.Qg3 Kh7 29.Ne6 Rxe6
30.dxe6 Qc6 31.Be3 Re8 32.Qf4 Bb5 33.Qf5+ g6 34.Qf7+ Bg7 35.Bd4 Rg8 36.f4 Kh8
37.Bxg7+ Rxg7 38.Qf6 Kh7 39.Kh2 Qc5 40.Nf3 Bc6 41.Nd4 Be8 42.Ra3 Qb4 43.Rc3 Qb7
44.Qd8 Qxe4 45.Qxd6 Rb7 46.Rc8 Bf7 47.exf7 Rxf7 48.Ne6 g5 49.fxg5 Rf2 50.Rc7+  1-0

[Event "Vienna op"]
[Site "Vienna"]
[Date "1990.??.??"]
[Round "5"]
[White "Nijboer, Friso"]
[Black "Mahdi, Khaled"]
[Result "1/2-1/2"]
[WhiteElo "2485"]
[BlackElo "2350"]

1.e4 e5 2.Nf3 Nc6 3.Bb5 a6 4.Ba4 Nf6 5.O-O Be7 6.Re1 b5 7.Bb3 d6 8.c3 O-O
9.h3 Bb7 10.d4 Re8 11.Nbd2 Bf8 12.a3 h6 13.Bc2 g6 14.b4 Bg7 15.Bb2 Nh5 16.Nb3 Nf4
17.d5 Ne7 18.a4 Rb8 19.Na5 Ba8 20.axb5 axb5 21.Bc1 c6 22.dxc6 Nxc6 23.Nxc6 Bxc6
24.Be3 Ra8 25.Rxa8 Qxa8 26.Qxd6 Bxe4 27.Bxe4 Qxe4 28.Bxf4 Qxf4 29.Nd2 Qf6
30.Qd5 Rd8 31.Qa2 Qc6 32.Ne4 Rd3 33.Qe2 Qc4 34.g4  1/2-1/2

[Event "Vrnjacka Banja"]
[Site "Vrnjacka Banja"]
[Date "1990.??.??"]
[Round "12"]
[White "Matulovic, Milan"]
[Black "Tringov, Georgi P"]
[Result "1/2-1/2"]
[WhiteElo "2435"]
[BlackElo "2405"]

1.e4 e5 2.Nf3 Nc6 3.Bb5 a6 4.Ba4 Nf6 5.O-O Be7 6.Re1 b5 7.Bb3 d6 8.c3 O-O
9.h3 Bb7 10.d3 Na5 11.Bc2 c5 12.Nbd2 Re8 13.Nf1 Bf8 14.Ng3 g6 15.d4 Bg7  1/2-1/2

[Event "Warsaw Legion op"]
[Site "Warsaw"]
[Date "1990.??.??"]
[Round "?"]
[White "Bernard, Ryszard"]
[Black "Czerwonski, Aleksander"]
[Result "1-0"]
[WhiteElo "2340"]
[BlackElo "2350"]

1.e4 e5 2.Nf3 Nc6 3.Bb5 a6 4.Ba4 Nf6 5.O-O Be7 6.Re1 b5 7.Bb3 d6 8.c3 O-O
9.h3 Bb7 10.d4 Re8 11.Nbd2 Bf8 12.a3 h6 13.Bc2 Nb8 14.b4 Nbd7 15.Bb2 c5 16.bxc5 exd4
17.cxd4 dxc5 18.d5 Qc7 19.Nf1 c4 20.Bd4 Bd6 21.Nh4 Be5 22.Nf5 Rad8 23.N1g3 Bxd4
24.Qxd4 Qe5 25.Qd2 Nc5 26.Rad1 Ne6 27.Qb4 Nf4 28.a4 g6 29.Nd4 Nd3 30.Bxd3 Qxd4
31.Bf1 Qa7 32.axb5 axb5 33.Qxb5 h5 34.Ra1 Qb8 35.Rab1 h4 36.Qxb7 Qxb7 37.Rxb7 hxg3
38.e5 gxf2+ 39.Kxf2 Nxd5 40.Bxc4 Kf8 41.Rd1 Ne7 42.Rd6 Rc8 43.Rd4 Rb8 44.Rbd7 Rb2+
45.Kg1 Ra8 46.Rc7 Rc2 47.Rf4 Ra1+ 48.Kh2 Nf5 49.Rxf7+ Ke8 50.e6 Rb2 51.Bd5 Rbb1
52.Bc6+ Kd8 53.R4xf5  1-0

[Event "Zuerich op"]
[Site "Zuerich"]
[Date "1990.??.??"]
[Round "?"]
[White "Brunner, Lucas"]
[Black "Lanzani, Mario"]
[Result "1-0"]
[WhiteElo "2525"]
[BlackElo "2350"]

1.e4 e5 2.Nf3 Nc6 3.Bb5 a6 4.Ba4 Nf6 5.O-O Be7 6.Re1 b5 7.Bb3 d6 8.c3 O-O
9.h3 Bb7 10.d4 Re8 11.Nbd2 Bf8 12.a4 h6 13.Bc2 exd4 14.cxd4 Nb4 15.Bb1 c5
16.d5 Nd7 17.Ra3 f5 18.e5 Nxe5 19.Nxe5 Rxe5 20.Rxe5 dxe5 21.Bxf5 Bxd5 22.Qg4 Qg5
23.Be6+ Bxe6 24.Qxe6+ Kh8 25.axb5 Qf6 26.Qg4 Qf4 27.Qg6 Qf6 28.Qxf6 gxf6
29.Nc4 Rd8 30.bxa6 Ra8 31.a7 Nc6 32.Nb6 Rxa7 33.Rxa7 Nxa7 34.Nd7 Bg7 35.Nxc5 Kh7
36.Ne6 Bh8 37.Nc7 Nc6 38.Bd2 f5 39.b4 e4 40.b5 Nd8 41.Nd5 Kg6 42.Ne7+ Kf6
43.Nc8 Nf7 44.Bc3+ Ke6 45.Bxh8 Nxh8 46.b6 Kd7 47.Ne7 f4 48.Kf1 Nf7 49.Ke2 Ne5
50.b7 f3+ 51.gxf3 exf3+ 52.Ke3 Kc7 53.Nf5 Nf7 54.Kxf3 Kxb7 55.Kg4 Kc6 56.Kh5 Ng5
57.h4 Nh3 58.f3 Ng1 59.Kg4 h5+ 60.Kf4 Ne2+ 61.Ke3 Nc3 62.Ng3 Kd5 63.Kf4 Ke6
64.Kg5 Nb5 65.f4 Nd6 66.Kg6 Nc4 67.Nxh5  1-0

[Event "Euwe mem"]
[Site "Amsterdam"]
[Date "1991.??.??"]
[Round "3"]
[White "Ljubojevic, Ljubomir"]
[Black "Karpov, Anatoly"]
[Result "1/2-1/2"]
[WhiteElo "2590"]
[BlackElo "2725"]

1.e4 e5 2.Nf3 Nc6 3.Bb5 a6 4.Ba4 Nf6 5.O-O Be7 6.Re1 b5 7.Bb3 d6 8.c3 O-O
9.h3 Bb7 10.d4 Re8 11.Nbd2 Bf8 12.Bc2 g6 13.d5 Nb8 14.b3 c6 15.c4 a5 16.dxc6 Bxc6
17.cxb5 Bxb5 18.Nc4 Na6 19.Bg5 Nb4 20.Bb1 Bxc4 21.bxc4 h6 22.Be3 Qc7 23.a3 Na6
24.Nd2 Nc5 25.Bc2 Reb8 26.Rb1 Qc6 27.Qf3 Bg7 28.Rec1 Nfd7 29.Qd1 Kh7 30.Rxb8 Rxb8
31.Rb1 Rxb1 32.Qxb1 Bf6 33.Qb5 Qc7 34.Nb3 Nxb3 35.Bxb3 Bg5 36.Ba4 Bxe3 37.Qxd7 Qxd7
38.Bxd7 Bc5 39.a4 h5 40.h4  1/2-1/2

[Event "Euwe mem"]
[Site "Amsterdam"]
[Date "1991.??.??"]
[Round "8"]
[White "Van der Wiel, John TH"]
[Black "Karpov, Anatoly"]
[Result "1/2-1/2"]
[WhiteElo "2530"]
[BlackElo "2725"]

1.e4 e5 2.Nf3 Nc6 3.Bb5 a6 4.Ba4 Nf6 5.O-O Be7 6.Re1 b5 7.Bb3 d6 8.c3 O-O
9.h3 Bb7 10.d4 Re8 11.Ng5 Rf8 12.Nf3 Re8 13.Nbd2 Bf8 14.a4 h6 15.Bc2 Qd7
16.b3 exd4 17.cxd4 Nb4 18.Bb1 g6 19.axb5 Qxb5 20.d5 c6 21.Bb2 Nh5 22.dxc6 Nxc6
23.Nc4 Rad8 24.Ne3 Ne5 25.Nd4 Qb6 26.Bc3 Rc8 27.Ne2 Qd8 28.Qd2 Qg5 29.Ng4 Qxd2
30.Bxd2 Nxg4 31.hxg4 Nf6 32.f3 d5 33.exd5 Rcd8 34.Nc3 Bc5+ 35.Kf1 Rxe1+ 36.Bxe1 Nxd5
37.Be4 Bd4 38.Ra4 Bxc3 39.Bxd5 Bxd5 40.Bxc3 Bxb3 41.Rb4 Be6 42.Bf6 Re8 43.Rd4 Kf8
44.Kf2 Ra8 45.Rd8+ Rxd8 46.Bxd8 Bc4 47.Ba5 Ke7 48.Bd2 h5 49.gxh5 gxh5 50.g4  1/2-1/2

[Event "AUT-ch"]
[Site "?"]
[Date "1991.??.??"]
[Round "?"]
[White "Dueckstein, Andreas"]
[Black "Schuh, Franz"]
[Result "1-0"]
[WhiteElo "2375"]
[BlackElo "2355"]

1.e4 e5 2.Nf3 Nc6 3.Bb5 a6 4.Ba4 Nf6 5.O-O Be7 6.Re1 b5 7.Bb3 d6 8.c3 O-O
9.h3 Bb7 10.d4 Re8 11.Nbd2 Bf8 12.Bc2 exd4 13.cxd4 Nb4 14.Bb1 c5 15.d5 a5
16.b3 g6 17.Bb2 Bg7 18.a3 Na6 19.Bd3 Nc7 20.Qc2 Qd7 21.a4 Ba6 22.axb5 Bxb5
23.Nc4 Bxc4 24.Bxc4 Na6 25.Bc3 Nb4 26.Qb2 Nh5 27.Bxg7 Nxg7 28.e5 Nf5 29.Rad1 dxe5
30.d6 Nxd6 31.Nxe5 Nxc4 32.bxc4 Qe6 33.Ng4 Qxe1+ 34.Rxe1 Rxe1+ 35.Kh2 Ra6
36.Nh6+ Kf8 37.Qh8+ Ke7 38.Qc8 Ree6 39.Qxc5+ Kd7 40.Nxf7 Nc6 41.Qd5+ Ke7
42.Ng5 Rf6 43.Qc5+ Kd7 44.Ne4 Rf5 45.Qd6+ Kc8 46.g4 Re5 47.Nc3 Re7 48.Na4 Rd7
49.Qf4 Rd4 50.Qf8+ Rd8 51.Qg7 Ra7 52.Nb6+ Kb8 53.Qf6 Rc7 54.Nd5 Rcc8 55.Qb2+ Nb4
56.Nxb4 axb4 57.Qxb4+ Kc7 58.h4 Rd6 59.Qc5+ Kd7 60.Qb5+ Rdc6 61.h5 gxh5 62.Qxh5 h6
63.Kg3 Ke7 64.Qf5 Rf8 65.Qe5+ Re6 66.Qc5+ Ke8 67.f4 Rff6 68.Qc8+ Kf7 69.f5 Rc6
70.Qd7+ Kf8 71.Qd8+ Kf7 72.Qd5+ Ke7 73.c5 Ra6 74.Kf4 Ra4+ 75.Ke5 Raa6 76.Qb7+ Kf8
77.Kd5 Kg8 78.c6 Ra5+ 79.Kd4 Rf7 80.c7  1-0

[Event "GER-ch"]
[Site "Bad Neuenahr"]
[Date "1991.??.??"]
[Round "6"]
[White "Schoene, Ralf"]
[Black "Volke, Karsten"]
[Result "1/2-1/2"]
[WhiteElo "2350"]
[BlackElo "2395"]

1.e4 e5 2.Nf3 Nc6 3.Bb5 a6 4.Ba4 Nf6 5.O-O Be7 6.Re1 b5 7.Bb3 d6 8.h3 O-O
9.c3 Bb7 10.d4 Re8 11.Ng5 Rf8 12.Nf3 Re8 13.Ng5 Rf8 14.Nf3 Re8 15.Nbd2 Bf8
16.d5  1/2-1/2

[Event "JUG-ch"]
[Site "Banja Vrucica"]
[Date "1991.??.??"]
[Round "?"]
[White "Knezevic, Bojan"]
[Black "Ilincic, Zlatko"]
[Result "0-1"]
[WhiteElo "2370"]
[BlackElo "2470"]

1.e4 e5 2.Nf3 Nc6 3.Bb5 a6 4.Ba4 Nf6 5.O-O Be7 6.Re1 b5 7.Bb3 d6 8.c3 O-O
9.h3 Bb7 10.d4 Re8 11.Ng5 Rf8 12.Nf3 h6 13.Nbd2 Re8 14.Nf1 Bf8 15.Ng3 Na5
16.Bc2 g6 17.Nh2 Bg7 18.Ng4 Nxg4 19.hxg4 Qh4 20.dxe5 dxe5 21.Qf3 Rad8 22.a4 Nc4
23.axb5 axb5 24.b3 Nd6 25.Qe2 Bc8 26.Bd1 c6 27.Ra7 Be6 28.Be3 Ra8 29.Rc7 Ra6
30.Bc5 Qd8 31.Ra7 Rxa7 32.Bxa7 Qa5 33.Bc5 Nb7 34.b4 Qa3 35.Qe3 Bf6 36.Bb6 Kg7
37.Qd3 Bg5 38.Qc2 Nd6 39.Be2 Nc4 40.Bxc4 Bxc4 41.Be3 Bxe3 42.Rxe3 Qa1+ 43.Kh2 Rd8
44.Ne2 Rd1 45.Kg3 Rb1 46.Qd2 Rb2 47.Qd6 Rxe2 48.Qxe5+ Kh7 49.Rf3 Qa7 50.Rf6 Rd2
51.Qc5 Qxc5 52.bxc5 Rd3+ 53.Kf4 Be6 54.Ke5 Rxc3  0-1

[Event "POL-chB"]
[Site "Bielsko-Biala"]
[Date "1991.??.??"]
[Round "3"]
[White "Gdanski, Jacek"]
[Black "Grabarczyk, Miroslaw"]
[Result "1-0"]
[WhiteElo "2420"]
[BlackElo "2275"]

1.e4 e5 2.Nf3 Nc6 3.Bb5 a6 4.Ba4 Nf6 5.O-O Be7 6.Re1 b5 7.Bb3 d6 8.c3 O-O
9.h3 Bb7 10.d4 Re8 11.Nbd2 Bf8 12.a4 h6 13.Bc2 exd4 14.cxd4 Nb4 15.Bb1 c5
16.d5 Nd7 17.Ra3 c4 18.axb5 axb5 19.Nd4 Qb6 20.Nf5 Rxa3 21.bxa3 Nd3 22.Bxd3 cxd3
23.Nxh6+ gxh6 24.Qg4+ Bg7 25.Qxd7 Kf8 26.Qf5 b4 27.axb4 Qxb4 28.Nf3 Qa4 29.Qh7 h5
30.Bh6 Bxh6 31.Qxh6+ Ke7 32.e5 dxe5 33.Nxe5 Bxd5 34.Nxd3+ Kd8 35.Qd6+  1-0

[Event "Bogota op"]
[Site "Bogota"]
[Date "1991.??.??"]
[Round "?"]
[White "Mendoza, Rafael"]
[Black "Rios, Alejandro"]
[Result "1/2-1/2"]
[WhiteElo "2335"]
[BlackElo "2300"]

1.e4 e5 2.Nf3 Nc6 3.Bb5 a6 4.Ba4 Nf6 5.O-O Be7 6.Re1 b5 7.Bb3 d6 8.c3 O-O
9.h3 Bb7 10.d4 Re8 11.a3 Bf8 12.Nbd2 h6 13.Ba2 Qd7 14.b4 Nd8 15.dxe5 dxe5
16.c4 c5 17.Bb2 Nc6 18.bxc5 Bxc5 19.Nb3 Bf8 20.cxb5 axb5 21.Qe2 b4 22.axb4 Bxb4
23.Red1 Qc7 24.Bb1 Rxa1 25.Bxa1 Qb6 26.Bd3 Re7 27.Bc4 Nh5 28.Nh4 Nf4 29.Qg4 h5
30.Qf5 Qc7 31.Qg5 Kf8 32.Nf5  1/2-1/2

[Event "Brno Morava-D"]
[Site "Brno"]
[Date "1991.??.??"]
[Round "3"]
[White "Kapengut, Albert Z"]
[Black "Butnorius, Algimantas"]
[Result "1/2-1/2"]
[WhiteElo "2450"]
[BlackElo "2390"]

1.e4 e5 2.Nf3 Nc6 3.Bb5 a6 4.Ba4 Nf6 5.O-O Be7 6.Re1 b5 7.Bb3 d6 8.c3 O-O
9.h3 Bb7 10.d4 Re8 11.Nbd2 Bf8 12.a3 h6 13.Bc2 Nb8 14.b4 Nbd7 15.Bb2 g6 16.c4 exd4
17.cxb5 axb5 18.Nxd4 c6 19.Qf3 Bg7 20.a4 bxa4 21.Bxa4 c5 22.Nc2 Re7 23.Bb3  1/2-1/2

[Event "Budapest Kasparov"]
[Site "Budapest"]
[Date "1991.??.??"]
[Round "1"]
[White "Horvath, Csaba"]
[Black "Horvath, Jozsef"]
[Result "1/2-1/2"]
[WhiteElo "2460"]
[BlackElo "2540"]

1.e4 e5 2.Nf3 Nc6 3.Bb5 a6 4.Ba4 Nf6 5.O-O Be7 6.Re1 b5 7.Bb3 d6 8.c3 O-O
9.h3 Bb7 10.d4 Re8 11.Ng5 Rf8 12.Nf3 Re8 13.Nbd2 Bf8 14.a4 h6 15.Bc2 exd4
16.cxd4 Nb4 17.Bb1 c5 18.d5 Nd7 19.Ra3 f5 20.exf5  1/2-1/2

[Event "Cansys GM-Nov"]
[Site "Budapest"]
[Date "1991.??.??"]
[Round "4"]
[White "Szalanczy, Emil"]
[Black "Lengyel, Levente"]
[Result "1/2-1/2"]
[WhiteElo "2420"]
[BlackElo "2380"]

1.e4 e5 2.Nf3 Nc6 3.Bb5 a6 4.Ba4 Nf6 5.O-O Be7 6.Re1 b5 7.Bb3 d6 8.c3 O-O
9.h3 Bb7 10.d4 Re8 11.Nbd2 Bf8 12.Bc2 g6 13.d5 Nb8 14.b3 c6 15.c4 Nbd7 16.Nf1 bxc4
17.bxc4 Qc7 18.Ng3 a5 19.Bg5 h6 20.Be3 Nc5 21.Qd2 Kh7 22.Rab1 Reb8 23.Red1 cxd5
24.cxd5 Ba6 25.Qc3 Rxb1 26.Rxb1 Rc8 27.Qa3 Nfd7 28.Bd2 Ra8 29.Rc1 a4 30.Nh2 Qd8
31.Ng4 h5 32.Nh2 Bh6 33.Bxh6 Kxh6 34.Nf3 Qf6 35.Re1 Kg7 36.Re3 Qd8 37.Kh2 Qa5
38.Qc1 Qd8 39.Ra3 h4 40.Nh1 Be2 41.Ng1 Ba6 42.Nf3 Bc8 43.Ng5 Qe7 44.g3 Nf6
45.Rf3 Bd7 46.Kg2 Rh8 47.g4 Rf8 48.Rc3 Ne8 49.f4 exf4 50.Qxf4 f6 51.Nf3 g5
52.Qe3 Nc7 53.Nf2 Rb8 54.Qc1 Rb4 55.a3 Rb8 56.Rc4 N7a6 57.Qe3 Rb7 58.Qd4 Nb3
59.Qc3 Kh6 60.e5 dxe5 61.Qd3 Qg7 62.Ne4 Rc7 63.Rxc7 Nxc7 64.Nxf6 Nc5 65.Qe3 Qxf6
66.Qxc5 Ne8 67.Qe3 Nd6 68.Nxe5 Bb5 69.Nf3 Bc4 70.Qa7 Nf7 71.Qd7 Qxf3+ 72.Kxf3 Ne5+
73.Ke4 Nxd7 74.Bxa4 Nf6+ 75.Ke5 Nxd5 76.Kd4 Bf1 77.Bc6 Ne7 78.Bf3 Bxh3 79.a4 Bf1
80.a5 h3 81.Ke3 Bg2 82.a6 Bxf3 83.Kxf3 Nc6 84.Kg3 Kg6 85.Kxh3 Kf6 86.Kg3 Ke5
87.Kf3 Kd4 88.Ke2 Ke4 89.Kd2 Na7  1/2-1/2

[Event "Cansys GM-Nov"]
[Site "Budapest"]
[Date "1991.??.??"]
[Round "6"]
[White "Apicella, Manuel"]
[Black "Hazai, Laszlo"]
[Result "1/2-1/2"]
[WhiteElo "2430"]
[BlackElo "2450"]

1.e4 e5 2.Nf3 Nc6 3.Bb5 a6 4.Ba4 Nf6 5.O-O Be7 6.Re1 b5 7.Bb3 O-O 8.c3 d6
9.h3 Bb7 10.d4 Re8 11.Nbd2 Bf8 12.a3 g6 13.Bc2 Nb8 14.b4 Nbd7 15.Bb2 Rc8
16.a4 c5 17.d5 c4 18.Nf1 Nh5 19.axb5 axb5 20.Ra5 Ra8 21.Rxb5 Qc7 22.Qd2 Ra2
23.Bb1 Ra4 24.Bc2 Ra2 25.Bb1 Ra4 26.Bc2 Ra2  1/2-1/2

[Event "Cadiz op"]
[Site "Cadiz"]
[Date "1991.??.??"]
[Round "?"]
[White "Sion Castro, Marcelino"]
[Black "Sonntag, Hans Hubert"]
[Result "0-1"]
[WhiteElo "2405"]
[BlackElo "2375"]

1.e4 e5 2.Nf3 Nc6 3.Bb5 a6 4.Ba4 Nf6 5.O-O Be7 6.Re1 b5 7.Bb3 d6 8.c3 O-O
9.h3 Bb7 10.d4 Re8 11.Nbd2 Bf8 12.Bc2 Nb8 13.b3 c6 14.a4 Nbd7 15.Bd3 g6 16.Ba3 Qc7
17.Qc2 Rad8 18.Rab1 Bg7 19.b4 Qb6 20.Nb3 Nh5 21.g3 d5 22.exd5 cxd5 23.Nc5 e4
24.Bf1 Bc6 25.Nd2 Nxc5 26.bxc5 Qc7 27.axb5 axb5 28.Bxb5 Bxb5 29.Rxb5 Qd7
30.Rb6 Qxh3 31.Nf1 Bh6 32.Bc1 Bxc1 33.Qxc1 Ng7 34.Qf4 Ne6 35.Qf6 h6 36.Nh2 Ng5
37.Rb7 Ra8 38.Qc6 Re6 39.Qc7 Rf6 40.Rb8+ Rxb8 41.Qxb8+ Kh7 42.Qb5 Rxf2  0-1

[Event "Cappelle op"]
[Site "Cappelle la Grande"]
[Date "1991.??.??"]
[Round "?"]
[White "Apicella, Manuel"]
[Black "Meissner, Hans Juergen"]
[Result "1-0"]
[WhiteElo "2430"]
[BlackElo "2280"]

1.e4 e5 2.Nf3 Nc6 3.Bb5 a6 4.Ba4 Nf6 5.O-O Be7 6.Re1 b5 7.Bb3 d6 8.c3 O-O
9.h3 Bb7 10.d4 Re8 11.Nbd2 Bf8 12.Bc2 Nb8 13.b3 Nbd7 14.Bb2 g6 15.d5 c6 16.dxc6 Bxc6
17.c4 b4 18.a3 a5 19.Nf1 Nc5 20.Ng3 Qb6 21.Qd2 Qb7 22.Qe3 Rab8 23.axb4 axb4
24.Ra5 Nfd7 25.Rea1 Ra8 26.Ne1 Rxa5 27.Rxa5 Ra8 28.Rxa8 Qxa8 29.f3 Qa5 30.Qc1 Be7
31.Ne2 Bd8 32.Kh2 Qa2 33.Qa1 Qxa1 34.Bxa1 Bg5 35.Kg3 Bd2 36.Kf2 f6 37.Bb2 Nb8
38.Nc1 Bd7 39.Ke2 Bxe1 40.Kxe1 Nc6 41.Kf2 Kf7 42.Ke3 g5 43.Na2 h5 44.Bc1 h4
45.Bd2 Na6 46.Nc1 Be6 47.Nd3 Ke7 48.Kf2 Nd4 49.Bd1 Nc5 50.Nc1 Nc6 51.g3 Bxh3
52.g4 Kd7 53.Be3 Bxg4 54.fxg4 Nxe4+ 55.Kg2 Nc3 56.Bc2 d5 57.cxd5 Nxd5 58.Bc5 Nd4
59.Be4 Nf4+ 60.Kh2 Nc6 61.Nd3  1-0

[Event "Cetinje (Women)"]
[Site "Cetinje"]
[Date "1991.??.??"]
[Round "1"]
[White "Arakhamia, Ketevan"]
[Black "Veroci, Zsuzsa"]
[Result "1/2-1/2"]
[WhiteElo "2440"]
[BlackElo "2320"]

1.e4 e5 2.Nf3 Nc6 3.Bb5 a6 4.Ba4 Nf6 5.O-O Be7 6.Re1 b5 7.Bb3 d6 8.c3 O-O
9.h3 Bb7 10.d4 Re8 11.Nbd2 Bf8 12.a4 h6 13.Bc2 exd4 14.cxd4 Nb4 15.Bb1 c5
16.d5 Nd7 17.Ra3 f5 18.exf5 Bxd5 19.Rxe8 Qxe8 20.Nh4 Nf6 21.Ng6 Nc6 22.Nf4 Bf7
23.Ne6 Bxe6 24.fxe6 d5  1/2-1/2

[Event "POL-ch"]
[Site "Cetniewo"]
[Date "1991.??.??"]
[Round "9"]
[White "Staniszewski, Piotr"]
[Black "Pedzich, Dominik"]
[Result "1/2-1/2"]
[WhiteElo "2385"]
[BlackElo "2400"]

1.e4 e5 2.Nf3 Nc6 3.Bb5 a6 4.Ba4 Nf6 5.O-O Be7 6.Re1 b5 7.Bb3 O-O 8.c3 d6
9.h3 Bb7 10.d4 Re8 11.Nbd2 Bf8 12.a3 h6 13.Bc2 Nb8 14.b4 Nbd7 15.Bb2 c5  1/2-1/2

[Event "NLD-ch sf"]
[Site "Enschede"]
[Date "1991.??.??"]
[Round "2"]
[White "Knoppert, Erik G J"]
[Black "Zagema, Wieb"]
[Result "1-0"]
[WhiteElo "2325"]
[BlackElo "2335"]

1.e4 e5 2.Nf3 Nc6 3.Bb5 a6 4.Ba4 Nf6 5.O-O Be7 6.Re1 b5 7.Bb3 O-O 8.c3 d6
9.h3 Bb7 10.d4 Qd7 11.Bg5 Rad8 12.Nbd2 h6 13.Bxf6 Bxf6 14.Bd5 Bc8 15.Nf1 Ne7
16.Bb3 g6 17.Qd2 Bg7 18.Rad1 exd4 19.Nxd4 Bb7 20.Bc2 c5 21.Nb3 Qc7 22.Qf4 f5
23.exf5 Nxf5 24.Qg4 Qf7 25.Bxf5 gxf5 26.Qf4 Qg6 27.Qg3 Qxg3 28.Nxg3 c4 29.Nd4 f4
30.Nh5 Be5 31.Ne6 Rde8 32.Nexf4 Kf7 33.Rxe5 Rxe5 34.Rxd6 Re1+ 35.Kh2 Rfe8
36.Rxh6 R8e7 37.Rh7+ Ke8 38.Nf6+ Kd8 39.Rh8+ Kc7 40.N6d5+ Bxd5 41.Nxd5+ Kd6
42.Nxe7 Kxe7 43.Rh7+  1-0

[Event "ISL-ch"]
[Site "Gardabaer"]
[Date "1991.??.??"]
[Round "10"]
[White "Arnason, Jon L"]
[Black "Bergsson, Snorri"]
[Result "1/2-1/2"]
[WhiteElo "2540"]
[BlackElo "2285"]

1.e4 e5 2.Nf3 Nc6 3.Bb5 a6 4.Ba4 Nf6 5.O-O Be7 6.Re1 b5 7.Bb3 d6 8.c3 O-O
9.h3 Bb7 10.d4 Re8 11.Ng5 Rf8 12.Nf3 Re8 13.Nbd2 Bf8 14.Bc2 g6 15.a3 Nb8
16.b4 Nbd7 17.Bb2 c6 18.Nb3 Rc8 19.Na5 Ba8 20.Qd2 Qc7 21.Rad1 Rcd8 22.Qc1 c5
23.d5 c4 24.Qe3 Bg7 25.Bc1 Nb6 26.Qd2 Qc8 27.Nh2 Qc7 28.Ng4 Nxg4 29.hxg4 h6
30.Qe2 g5 31.Be3 Nc8 32.a4 Ne7 33.g3 f6 34.f3 Nc8 35.Ra1 Ne7 36.Qf2 Rd7 37.Ra2 Rb8
38.Rea1 Qd8 39.Kg2 Bf8 40.Qg1 Bg7 41.Ra3 Bf8 42.R1a2 Qe8 43.Qa1 Bb7 44.axb5 axb5
45.Nxb7 Rdxb7 46.Ra6 Qd7 47.Qh1 Nc8 48.Rc6 Kg7 49.Qh5 Qf7 50.Raa6 Qd7 51.f4 Be7
52.Ra1 Qd8 53.f5 Bf8 54.Qg6+ Kh8 55.Rca6 Rh7 56.Rh1 Qe7 57.Qh5 Qf7 58.Rha1 Qxh5
59.gxh5 Rhb7 60.Kf3 Kg7 61.Ke2 Kf7 62.Ra8 Be7 63.Kd2 Bd8 64.R1a6 Ke7 65.Bd1 Kf7
66.Kc1 Bc7 67.Kb2 Ke7 68.Be2 Rxa8 69.Rxa8 Rb8 70.Ra6 Bb6 71.Bxb6 Rxb6 72.Ra8 Kd7  1/2-1/2

[Event "Peer Gynt"]
[Site "Gausdal"]
[Date "1991.??.??"]
[Round "2"]
[White "Lanka, Zigurds"]
[Black "Barkhagen, Jonas"]
[Result "1/2-1/2"]
[WhiteElo "2505"]
[BlackElo "2360"]

1.e4 e5 2.Nf3 Nc6 3.Bb5 a6 4.Ba4 Nf6 5.O-O Be7 6.Re1 b5 7.Bb3 d6 8.c3 O-O
9.h3 Bb7 10.d4 Nd7 11.Nbd2 Bf6 12.Nf1 exd4 13.cxd4 Na5 14.Bc2 c5 15.Ne3 Nc6
16.d5 Ne7 17.Ng4 Ng6 18.Nxf6+ Qxf6 19.a4 Nde5 20.Nxe5 Qxe5 21.Rb1 b4 22.b3 a5
23.Bb2 Qg5 24.Re3 Ba6 25.Rg3 Qe7 26.f4 f6 27.Qd2 c4 28.bxc4 Bxc4 29.Re1 Rac8
30.Bd1 Ba6 31.Bg4 Rc4 32.Be6+ Kh8 33.Kh2 Qc7 34.Rc1 Re8 35.Rxc4 Qxc4 36.f5 Ne5
37.Bxe5 dxe5 38.d6 Qd4 39.d7 Rd8 40.Qc2 Qb6 41.Qd1 Qc5 42.Qh5 Qe7 43.Rg4 h6
44.Rg6 Qf8 45.Qd1 Qc5 46.Qh5 Qf8 47.Qd1 Qc5 48.Qd2 Kh7 49.Rg3 Bb7 50.Qe2 Bc6
51.Qg4 Qe7 52.Rd3 Bxa4 53.Rd5 b3 54.Rd2 Bxd7 55.Bxb3 Be8 56.Qd1 Rxd2 57.Qxd2 a4
58.Bd5 Qc5 59.Ba2 g6 60.Qd8 Qf8 61.fxg6+ Kxg6 62.Bd5 h5 63.h4 a3 64.Kh1 Kg7
65.Qc7+ Kh8 66.Qd8 Kg7  1/2-1/2